| 000 | 00591nam a2200193 a 4500 | ||
|---|---|---|---|
| 001 | 000042275 | ||
| 005 | 20201002040040.0 | ||
| 008 | 131121s1986 mx r 000 0 spa d | ||
| 020 | _a968230279X | ||
| 040 |
_aDO-SdBNP _bspa _cBNPHU |
||
| 082 |
_axxxx _bxxxx |
||
| 245 | 0 | 0 |
_aAmérica Latina : _bhistoria de medio siglo / _ccoordinador Pablo González Casanova. |
| 250 | _a6a ed. | ||
| 260 |
_aMéxico, : _bSiglo xxi, _c1986. |
||
| 300 |
_a557 p. ; _c23 cm. |
||
| 500 | _aIncluye índice de nombres | ||
| 590 | _aInventariado, 2019/BT | ||
| 700 | 1 |
_aGonzález Casanova, Pablo, _ecoord. _932840 |
|
| 999 |
_c41764 _d41764 |
||